Ứng dụng vi khuẩn loại bỏ Nitơ và vi khuẩn tích luỹ Poly phosphate trong xử lý nước thải chăn nuôi heo (sau Biogas) Luận văn tốt nghiệp Cao học: Ngành công nghệ sinh học
Nước thải trại chăn nuôi heo (Sau Biogas) có mùi hôi nồng nặc, màu đen bị ô nhiễn hữu cơ, ô nhiễm vi sinh, chất rắn lơ lửng, đặc biệt là hàm lượng ammoniun và lân hoà tan (orthophosphate); vì vậy cần có biện pháp xử lý hàm lượng ammoniun va...
Saved in:
| Main Author: | |
|---|---|
| Format: | Book |
| Language: | Undetermined |
| Published: |
Cần Thơ
Đại học Cần Thơ
2013
|
| Subjects: | |
| Tags: |
Add Tag
No Tags, Be the first to tag this record!
|
| Institutions: | Trung tâm Học liệu Trường Đại học Cần Thơ |
|---|
| LEADER | 01367nam a2200217Ia 4500 | ||
|---|---|---|---|
| 001 | CTU_183797 | ||
| 008 | 210402s9999 xx 000 0 und d | ||
| 082 | |a 628.351 | ||
| 082 | |b S300 | ||
| 100 | |a Nguyễn, Tiến Sĩ | ||
| 245 | 0 | |a Ứng dụng vi khuẩn loại bỏ Nitơ và vi khuẩn tích luỹ Poly phosphate trong xử lý nước thải chăn nuôi heo (sau Biogas) | |
| 245 | 0 | |b Luận văn tốt nghiệp Cao học: Ngành công nghệ sinh học | |
| 245 | 0 | |c Nguyễn Tiến Sĩ ; Cao Ngọc Điệp (Cán bộ Hướng dẫn) | |
| 260 | |a Cần Thơ | ||
| 260 | |b Đại học Cần Thơ | ||
| 260 | |c 2013 | ||
| 520 | |a Nước thải trại chăn nuôi heo (Sau Biogas) có mùi hôi nồng nặc, màu đen bị ô nhiễn hữu cơ, ô nhiễm vi sinh, chất rắn lơ lửng, đặc biệt là hàm lượng ammoniun và lân hoà tan (orthophosphate); vì vậy cần có biện pháp xử lý hàm lượng ammoniun và orthophosphate tong nước thải trại chăn nuôi heo (sau biogas) trước khi thải ra môi trường. | ||
| 650 | |a Kỹ thuật vi sinh,Microbiological techniques | ||
| 904 | |i Tôn Trúc Quân | ||
| 910 | |a Nguyên | ||
| 980 | |a Trung tâm Học liệu Trường Đại học Cần Thơ | ||